Latein Vokabeln Verben - Statistiken

Allgemein
  • Dieses Quiz wurde 3 mal gespielt
  • Das Durchschnittsergebnis liegt bei 3 aus 9
Antwortstatistiken
Hint Antwort % Korrekt
mutare ändern, verwandeln
100%
muto ich ändere, ich verwandle
67%
mutavi ich habe geändert, ich habe verwandelt
67%
figere anheften, befestigen
33%
figo ich hefte an, ich befestige
33%
- -
0%
fixum anheftend, befestigend
0%
mutatum geändert, verwandelt
0%
fixi ich habe geheftet, ich habe befestigt
0%
Keine übereinstimmenden Quizze gefunden
Verteilung der Resultate
Anzahl Personen mit jedem Resultat
Perzentil nach korrekt beantworteten Fragen
Ihre Resultats-Entwicklung
Sie haben dieses Quiz noch nicht gespielt